| 000 | 00588nmm a2200205Ia 4500 | ||
|---|---|---|---|
| 008 | 251105s9999||||xx |||||||||||||||||und|| | ||
| 020 | _a9789875911710 | ||
| 041 | _aspa | ||
| 100 | _aSbarato, Viviana | ||
| 245 | 0 | _aProblemas ambientales generales | |
| 264 |
_a[Buenos Aires, Argentina] : _bEditorial Brujas, _c2016 |
||
| 300 | _a176 páginas | ||
| 490 | _aSalud Ambiental | ||
| 650 | _aEnvironmental Sciences | ||
| 700 | _aSbarato, Viviana | ||
| 700 | 1 | _a Sbarato, Darío | |
| 700 | 1 | _a Ortega, José | |
| 856 | _uhttps://public.digitaliapublishing.com/a/44341 | ||
| 942 | _cCF | ||
| 999 |
_c71221 _d71221 |
||